| 000 | 00479nam a2200169 a 4500 | ||
|---|---|---|---|
| 001 | 975 | ||
| 003 | CDMR | ||
| 005 | 20130319192255.0 | ||
| 008 | 130130s1998||||||||||||||||||||||||||||d | ||
| 020 | _a8479354542 | ||
| 040 |
_aCDMR _bcat _cCPC LLEIDA |
||
| 100 | 1 |
_aMayoral Arqué, Dolors _9761 |
|
| 245 | 1 | 3 |
_aEl lenguaje _b: diferencias culturales y desigualdades sociales _cDolors Mayoral i Arqué |
| 260 |
_aLleida _c1998 _bPagès |
||
| 490 | 0 |
_aEl Fil d'Ariadna _v29 |
|
| 942 |
_cMON _2udc |
||
| 999 |
_c975 _d975 |
||